Statistics for NBA Players by face HARD #1

Click here to take the quiz!

General Stats

  • This quiz has been taken 112 times
  • The average score is 8 of 16

Answer Stats

Answer% Correct
Derrick White
96%
Clyde Drexler
83%
Evan Fournier
83%
Vlade Divac
72%
Josh Smith
61%
Artis Gilmore
60%
Greg Monroe
53%
Shake Milton
45%
Jock Landale
42%
Norris Cole
39%
Tari Eason
36%
Allonzo Trier
34%
Steve Novak
33%
Dale Ellis
30%
Zeke Nnaji
30%
Mario Elie
17%

Score Distribution

Percentile by Number Answered

Percent of People with Each Score

Your Score History

You have not taken this quiz